| 000 | 00616nam a22001817a 4500 | ||
|---|---|---|---|
| 005 | 20091215133237.0 | ||
| 008 | 091215t xxu||||| |||| 00| 0 eng d | ||
| 020 |
_c$ 2.5 _a9781603460460 |
||
| 037 | _bSurender Kumar & Sons | ||
| 040 |
_adpl _bEnglish |
||
| 245 | _aThe two goats | ||
| 260 |
_bMacaw Books _c2008 _aVirginia |
||
| 270 |
_a3602 Rocky Meadow Ct. Fairfax, _bVirginia _e22033 |
||
| 300 |
_a11p.: _bcol. ill. _c25cm(pbk) |
||
| 942 |
_2ddc _cCH _mTWO |
||
| 999 |
_c32874 _d32874 |
||